00501 2200193 4500001002100000005001500021035002000036007000300056008004100059020001500100082001100115084001700126100001800143245005400161250001100215260003000226300003700256990001400293INLIS00000000000724320210312024316 a0010-0321000613ta210312 g 0 ind  a9797311740 a530.15 a530.15 YER d0 aYerri Susatio1 aDasar-Dasar Metode Elemen Hingga /cYerri Susatio aCet. 1 aYogyakarta :bANDI,c2004 aviii, 512 hlm :b. ;c16 x 23 cm a626203262